Social appropriation of knowledge : research results from the faculties of engineering and applied mechanics /

-д хадгалсан:
Номзүйн дэлгэрэнгүй
Үндсэн зохиолч: Hincapié-Úsuga, Andrés Felipe (autor.)
Бусад зохиолчид: Vanegas-Useche, Libardo Vicente (autor.), Mesa-Montoya, Carlos Andrés (autor.), Adbel-Wahab, Magd (autor.), Trejos Buriticá, Omar Iván (autor.), Muñoz Guerrero, Luis Eduardo (autor.)
Формат: Цахим ном
Хэл сонгох:англи
Хэвлэсэн: Pereira : Editorial Universidad Tecnológica de Pereira, 2023.
Цуврал:Trabajos de Investigación.
Нөхцлүүд:
Онлайн хандалт:https://elibro.unach.elogim.com/es/lc/unach/titulos/287186
Шошгууд: Шошго нэмэх
Шошго байхгүй, Энэхүү баримтыг шошголох эхний хүн болох!

MARC

LEADER 00000nam a2200000 i 4500
001 ELB287186
003 FINmELB
005 20251021171700.0
006 m o d |
007 cr cnu||||||||
008 250925s2023 ck o 001 0 eng d
020 |a 9789587229042  |q (e-book) 
035 |a (OCoLC)1546814130 
040 |a FINmELB  |b spa  |e rda  |c FINmELB 
050 4 |a TA160  |b H659 2023 
080 |a 620:001.891 
082 0 4 |a 620  |2 23 
100 1 |a Hincapié-Úsuga, Andrés Felipe,  |e autor. 
245 1 0 |a Social appropriation of knowledge :  |b research results from the faculties of engineering and applied mechanics /  |c Andrés Felipe Hincapié-Úsuga, Libardo Vicente Vanegas-Useche, Carlos Andrés Mesa-Montoya, Magd Abdel-Wahab, Omar Iván Trejos Buriticá, Luis Eduardo Muñoz Guerrero, Jorge Iván Ríos Patiño, Juan C. Castillo, Juan E. Tibaquirá, Juan Camilo López, Daniel Alberto Ríos, Luis Felipe Quiráma, David Andrés Serrato. 
264 1 |a Pereira :  |b Editorial Universidad Tecnológica de Pereira,  |c 2023. 
300 |a 1 recurso en línea (79 páginas) 
336 |a texto  |b txt  |2 rdacontent/spa 
337 |a computadora  |b c  |2 rdamedia/spa 
338 |a recurso en línea  |b cr  |2 rdacarrier/spa 
490 1 |a Trabajos de Investigación 
500 |a Incluye índice. 
588 |a Descripción basada en metadatos suministrados por el editor y otras fuentes. 
590 |a Recurso electrónico. Santa Fe, Arg.: elibro, 2025. Disponible vía World Wide Web. El acceso puede estar limitado para las bibliotecas afiliadas a elibro. 
650 4 |a Modelado de elementos finitos. 
650 4 |a Pensamiento científico. 
650 4 |a Programación de computadores. 
650 4 |a Vehículos eléctricos. 
650 4 |a Emisiones vehiculares. 
650 4 |a Ingeniería  |x Investigación. 
650 4 |a Mecánica aplicada  |x Investigación. 
655 4 |a Libros electrónicos. 
700 1 |a Vanegas-Useche, Libardo Vicente,  |e autor. 
700 1 |a Mesa-Montoya, Carlos Andrés,  |e autor. 
700 1 |a Adbel-Wahab, Magd,  |e autor. 
700 1 |a Trejos Buriticá, Omar Iván,  |e autor. 
700 1 |a Muñoz Guerrero, Luis Eduardo,  |e autor. 
797 2 |a elibro, Corp. 
830 0 |a Trabajos de Investigación. 
856 4 0 |u https://elibro.unach.elogim.com/es/lc/unach/titulos/287186